000
00313nam a22001337a 4500
082
_a
894.812.1
_b
KAV/A
100
_a
KAVILPPAD A B V
245
_a
MALAYALAM SHORT STORY
250
_a
1
260
_a
THRISSUR
_b
H&C PUBLISHING HOUSE
_c
1999
300
_a
64
650
_a
MALAYALAM SHORT STORIES
_z
KERALA
942
_c
BK
999
_c
1282
_d
1282